Catálogo de la Biblioteca Horacio González - Universidad Nacional de General Sarmiento

Diccionario de uso del español : (Registro nro. 48275)

Detalles MARC
000 -CABECERA
campo de control de longitud fija 00783nac a22003010a 4500
001 - NÚMERO DE CONTROL
campo de control PT18349
003 - IDENTIFICADOR DEL NÚMERO DE CONTROL
campo de control AR-LpoUNG
005 - FECHA Y HORA DE LA ÚLTIMA TRANSACCIÓN
campo de control 20211108123255.0
008 - DATOS DE LONGITUD FIJA--INFORMACIÓN GENERAL
campo de control de longitud fija 201001s2002||||sp |||||||||||||||||spa d
020 ## - NÚMERO INTERNACIONAL ESTÁNDAR DEL LIBRO
Número Internacional Estándar del Libro 8424919750 (v.2)
Condiciones de disponibilidad $72.33
040 ## - FUENTE DE LA CATALOGACIÓN
Centro catalogador/agencia de origen AR-LpoUNG
Lengua de catalogación spa
Normas de descripción aacr
041 ## - CÓDIGO DE LENGUA
Código de lengua del texto/banda sonora o título independiente spa
044 ## - CÓDIGO DEL PAÍS DE LA ENTIDAD EDITORA/PRODUCTORA
Código MARC del país sp
082 0# - NÚMERO DE LA CLASIFICACIÓN DECIMAL DEWEY
Número de clasificación R403 717l-z
100 1# - ENTRADA PRINCIPAL--NOMBRE DE PERSONA
Nombre de persona Moliner, María
245 10 - MENCIÓN DE TÍTULO
Título Diccionario de uso del español :
Resto del título l-z
250 ## - MENCIÓN DE EDICIÓN
Mención de edición 2da. ed., 4ta. reimpr.
260 ## - PUBLICACIÓN, DISTRIBUCIÓN, ETC.
Lugar de publicación, distribución, etc. Madrid :
Nombre del editor, distribuidor, etc. Gredos,
Fecha de publicación, distribución, etc. 2002.
300 ## - DESCRIPCIÓN FÍSICA
Extensión 1597 p. :
Otras características físicas il.
Extensión (2
Tipo de unidad Volúmenes)
Especificación de materiales Impreso
490 0# - MENCIÓN DE SERIE
Mención de serie Diccionario de uso del español
650 #4 - PUNTO DE ACCESO ADICIONAL DE MATERIA--TÉRMINO DE MATERIA
Término de materia o nombre geográfico como elemento de entrada DICCIONARIOS
650 #4 - PUNTO DE ACCESO ADICIONAL DE MATERIA--TÉRMINO DE MATERIA
Término de materia o nombre geográfico como elemento de entrada GRAMATICA
653 ## - TÉRMINO DE INDIZACIÓN--NO CONTROLADO
Término no controlado ABREVIATURAS
653 ## - TÉRMINO DE INDIZACIÓN--NO CONTROLADO
Término no controlado SIMBOLOS
653 ## - TÉRMINO DE INDIZACIÓN--NO CONTROLADO
Término no controlado SINONIMOS
905 ## - ELEMENTOS DE DATOS E LOCAL, LDE (RLIN)
a 18349
942 ## - ELEMENTOS DE PUNTO DE ACCESO ADICIONAL (KOHA)
Tipo de ítem Koha Lectura en Sala
Fuente del sistema de clasificación o colocación Dewey Decimal Classification
Existencias
Estado de retiro Estado de pérdida Estado dañado No para préstamo Código de colección Localización permanente Ubicación/localización actual Fecha de adquisición Total de préstamos Signatura topográfica completa Código de barras Fecha visto por última vez Precio válido a partir de Tipo de ítem Koha Fuente del sistema de clasificación o colocación
        Colección Referencia Biblioteca Universidad Nacional de General Sarmiento Biblioteca Universidad Nacional de General Sarmiento 01/02/2021   403 717l-z S00019611 01/02/2021 01/02/2021 Lectura en Sala  
        Colección Referencia Biblioteca Universidad Nacional de General Sarmiento Biblioteca Universidad Nacional de General Sarmiento 11/06/2022   R403 717l-z S00067118 11/06/2022 11/06/2022 Lectura en Sala Dewey Decimal Classification